Statistics for European Islands

Click here to take the quiz!

General Stats

  • This quiz has been taken 65 times
  • The average score is 16 of 22

Answer Stats

ClueAnswer% Correct
Its native name is ÉireIreland
100%
Island of VallettaMalta
98%
Largest Italian islandsSicily
98%
City famous for its canalsVenice
98%
Main island of the United KingdomGreat Britain
97%
Home of EyjafjallajökullIceland
97%
Spanish party islandIbiza
97%
Largest Italian islandsSardinia
93%
Island France annexed in 1770Corsica
92%
Home of the Minoan civilizationCrete
86%
One of the seven wonders of the
ancient world was there
Rhodes
80%
Island where Napoleon was exiled in 1814Elba
78%
Largest Catalan-speaking islandMallorca
73%
Most populous Danish islandZealand
69%
Portuguese island located off the
northwest coast of Africa
Madeira
63%
Island Portsmouth overlooksIsle of Wight
61%
Croatian island whose name has
three letters and no vowels
Krk
46%
Largest island entirely in the Baltic SeaGotland
41%
Largest Norwegian islandSpitsbergen
34%
Largest island of EstoniaSaaremaa
22%
Largest Russian island in EuropeSeverny
20%
Shares its name with the second
least populated Dutch province
Flevoland
8%

Score Distribution

Percentile by Number Answered

Percent of People with Each Score

Your Score History

You have not taken this quiz